000 01035cam a2200301 i 4500
001 64645
003 Mx-PuUPA
005 20220905120045.0
008 160404s2019 sp ad gr 000 0 spa d
020 _a9786071736840
040 _cMx-PuUPA
_aMx-PuUPA
_erda
_bspa
_dMx-PuUPA
041 0 _aspa
100 1 _913218
_aMadera Camacho, Javier,
_eautor
245 1 3 _aLa nueva forma de vender :
_b7 principios fundamentales /
_cJavier Madera Camachod
246 1 3 _aLa nueva forma de vender :
_bsiete principios fundamentales.
250 _aPrimera edición /
_bjunio
264 1 _aCiudad de México :
_bEditorial Trillas,
_c©2019
300 _a119 páginas :
_bilustraciones, diagramas ;
_c23 cm
336 _atexto
_btxt
_2rdacontent
337 _2rdamedia
_asin medio
_bn
338 _2rdacarrier
_avolumen
_bnc
650 7 _2armarc
_aVentas
650 7 _2armarc
_aPersonal de ventas
650 7 _2armarc
_aTécnicas de ventas
942 _cLI
_2ddc
_h658.85
_iM178
999 _c64645
_d64645